000 00189 a2200097 4500
020 _a9789871234172
041 _aspa
100 _aChaskielberg,Daniel
245 _aViva la Musica
942 _cBK
999 _c9082
_d9082